| 000 | 00719nam a2200229Ia 4500 | ||
|---|---|---|---|
| 003 | GCL | ||
| 008 | 140319s9999 xx 000 0 ara d | ||
| 040 |
_aGCL / _cGCL |
||
| 082 | 0 | 4 |
_a780.1 _bع م |
| 100 | 1 | _aعزيز الشوان | |
| 245 | 1 | 0 |
_aالموسيقى تعبير نغمى- ومنطق / _cعزيز الشوان |
| 250 | _aالاولى | ||
| 260 |
_aالقاهرة : _bالهيئة المصرية العامة للكتاب ، _c1986 |
||
| 300 |
_a147 ص ؛ _c24سم |
||
| 490 |
_aالالف كتاب الثانى _v15 |
||
| 650 | 0 | 4 | _aفلسفة |
| 650 | 0 | 4 | _aالموسيقى |
| 650 | 0 | 4 | _aتحليل |
| 650 | 0 | 4 | _aالتذوق الموسيقى |
| 650 | 0 | 4 | _aتاريخ ونقد |
| 942 |
_2ddc _cBK |
||
| 999 |
_c32549 _d32549 |
||